| 000 | 00559 a2200181 4500 | ||
|---|---|---|---|
| 003 | NUST | ||
| 005 | 20230126131721.0 | ||
| 020 | _a9698125019 | ||
| 040 | _cNust | ||
| 082 | _a909.0954,HAS | ||
| 100 |
_aHassan, Mohammad Usman _9107773 |
||
| 245 |
_aMehergarh: _bthe oldest civilization in south asia / _cMohammad Usman Hassan |
||
| 260 |
_aRawalpindi _bArmy Education press |
||
| 300 | _a121:p.' | ||
| 505 | _aIntroduction (Page-1), Photographs (Page-14), Figures (Page-10), Map (Page-9). | ||
| 650 |
_aMehergarh _9107774 |
||
| 942 |
_2ddc _cBK _k909.0954,HAS |
||
| 999 |
_c186143 _d186143 |
||